Komparácia podnikateľského prostredia v Slovenskej republike a Rakúskej republike diplomová práca

Na minha lista:
Detalhes bibliográficos
Autor principal: Šarlina, Igor
Autor Corporativo: Fakulta podnikového manažmentu EU. Katedra podnikovohospodárska
Outros Autores: Rybárová, Daniela, 1967-
Formato: Livro
Idioma:eslovaco
Publicado em: Bratislava 2019
Tags: Adicionar Tag
Sem tags, seja o primeiro a adicionar uma tag!

MARC

LEADER 00000nbm a2200000 4500
001 0255571
005 20191126143431.3
041 0 |a slo 
044 |a SK 
245 1 0 |a Komparácia podnikateľského prostredia v Slovenskej republike a Rakúskej republike  |b diplomová práca  |c Igor Šarlina ; školiteľ: Daniela Rybárová 
264 1 |a Bratislava  |c 2019 
300 |a 65 s. 
100 1 |a Šarlina, Igor 
700 1 |a Rybárová, Daniela, 1967- 
710 2 |a Fakulta podnikového manažmentu EU. Katedra podnikovohospodárska